[Event "CZE-ch Seniors 65"]
[Site "Olomouc"]
[Date "2023.08.19"]
[Round "9"]
[White "Groh, Jiri"]
[Black "Kubala, Karel"]
[Result "1-0"]
[WhiteElo "2004"]
[BlackElo "1747"]
[PlyCount "121"]
[EventDate "2023.08.12"]
[EventType "swiss"]
[EventRounds "9"]
[EventCountry "CZE"]
[SourceTitle "EXT 2024"]
[Source "ChessBase"]
[SourceDate "2023.10.10"]
[SourceVersion "1"]
[SourceVersionDate "2023.10.10"]
[SourceQuality "1"]

1. Nf3 Nf6 2. c4 b6 3. g3 c5 4. Bg2 Bb7 5. 0-0 g6 6. Nc3 Bg7 7. d4 cxd4 8. Qxd4 0-0 9. Qd2 d6 10. a4 Nbd7 11. Ra2 Ne4 12. Nxe4 Bxe4 13. Qe3 Bb7 14. b3 a5 15. Bb2 h6 16. Bxg7 Kxg7 17. h4 Nf6 18. Nd4 Bxg2 19. Kxg2 Rc8 20. Rd1 Rc5 21. Nb5 Qd7 22. Rad2 Qb7+ 23. f3 Kh7 24. Qd4 Re5 25. Nc3 Rc5 26. e4 Nd7 27. Nd5 Ne5 28. Qe3 Rc6 29. Nf4 Qd7 30. h5 g5 31. Nd3 Nxd3 32. Qxd3 Qe6 33. e5+ Kg8 34. Qe4 dxe5 35. Rd5 f5 36. Qxe5 Qf6 37. Re1 e6 38. Rd7 Qxe5 39. Rxe5 Rf7 40. Rd2 Kg7 41. Rb5 Rb7 42. Rd8 Kf7 43. Rh8 Kg7 44. Ra8 Rcc7 45. Ra6 Rc6 46. Raxa5 g4 47. fxg4 fxg4 48. Ra6 Rd6 49. Kf2 Rd2+ 50. Ke3 Rbd7 51. Rd5 exd5 52. Kxd2 dxc4+ 53. Kc3 Rd3+ 54. Kxc4 Rxg3 55. Rxb6 Rh3 56. Rg6+ Kh7 57. Rxg4 Rxh5 58. b4 Rh1 59. a5 h5 60. Rd4 h4 61. a6 1-0

[Event "CZE-ch Seniors 65"]
[Site "Olomouc"]
[Date "2023.08.18"]
[Round "8"]
[White "Sysala, Stanislav1111"]
[Black "Groh, Jiri"]
[Result "1-0"]
[WhiteElo "1690"]
[BlackElo "2004"]
[PlyCount "85"]
[EventDate "2023.08.12"]
[EventType "swiss"]
[EventRounds "9"]
[EventCountry "CZE"]
[SourceTitle "EXT 2024"]
[Source "ChessBase"]
[SourceDate "2023.10.10"]
[SourceVersion "1"]
[SourceVersionDate "2023.10.10"]
[SourceQuality "1"]

1. Nf3 Nf6 2. c4 e6 3. Nc3 d5 4. d4 Be7 5. e3 0-0 6. Bd3 b6 7. cxd5 exd5 8. 0-0 Bb7 9. b3 Nbd7 10. Bb2 c5 11. a4 a5 12. Rc1 h6 13. h3 Ne4 14. Ne5 cxd4 15. exd4 Bf6 16. Nb5 Bxe5 17. dxe5 Ndc5 18. Bxe4 dxe4 19. Ba3 Qg5 20. Nd6 Ba6 21. Re1 Qxe5 22. Bxc5 bxc5 23. Rxe4 Qf6 24. Rxc5 Rad8 25. Rd5 Qb2 26. Rxa5 Bc8 27. Rd4 Be6 28. b4 Rd7 29. Qd2 Qa1+ 30. Kh2 Rfd8 31. Ra6 Qf1 32. Rb6 Qa1 33. a5 Ra8 34. f4 g6 35. Rb7 Rdd8 36. Qe3 Qb2 37. Qe5 Qf2 38. Qf6 Rf8 39. Ne4 Qe3 40. Qe5 Qb3 41. Nf6+ Kh8 42. Nh5+ f6 43. Nxf6 1-0

[Event "Prague Golden Rapid op"]
[Site "Prague"]
[Date "2023.06.17"]
[Round "3"]
[White "Shagbazyan, Taron"]
[Black "Groh, Jiri"]
[Result "1-0"]
[WhiteElo "2439"]
[BlackElo "1929"]
[PlyCount "85"]
[EventDate "2023.06.17"]
[EventType "swiss (rapid)"]
[EventRounds "9"]
[EventCountry "CZE"]
[SourceTitle "CBM 215 Extra"]
[Source "ChessBase"]
[SourceDate "2023.09.30"]
[SourceVersion "1"]
[SourceVersionDate "2023.09.30"]
[SourceQuality "1"]

1. d4 d5 2. c4 e6 3. Nc3 Nf6 4. cxd5 exd5 5. Bg5 Be7 6. e3 h6 7. Bh4 0-0 8. Bd3 b6 9. Nge2 Bb7 10. 0-0 Nbd7 11. Rc1 c5 12. Bb1 Rc8 13. Qd3 Ne4 14. Bxe7 Qxe7 15. Nf4 Ndf6 16. Nfxd5 Bxd5 17. Nxd5 Nxd5 18. Qxe4 Qxe4 19. Bxe4 Nf6 20. Bf5 Rc7 21. dxc5 Rxc5 22. Rxc5 bxc5 23. Rc1 Rd8 24. Kf1 g6 25. Bc2 c4 26. Ke2 Rb8 27. b3 cxb3 28. Bxb3 Rb7 29. f3 Kg7 30. e4 h5 31. h4 Nd7 32. Ke3 Ne5 33. Rc5 f6 34. f4 Ng4+ 35. Kd4 Re7 36. Bd5 Nf2 37. a4 Ng4 38. a5 Nh6 39. a6 f5 40. e5 Nf7 41. Rc8 g5 42. hxg5 h4 43. Rb8 1-0

[Event "EUR-chT Seniors 65"]
[Site "Prague"]
[Date "2021.08.30"]
[Round "1.3"]
[White "Kundt, Guenther"]
[Black "Groh, Jiri"]
[Result "0-1"]
[WhiteElo "1751"]
[BlackElo "2020"]
[PlyCount "100"]
[EventDate "2021.08.30"]
[EventType "team-swiss"]
[EventRounds "9"]
[EventCountry "CZE"]
[SourceTitle "CBM 204 Extra"]
[Source "ChessBase"]
[SourceDate "2021.11.30"]
[SourceVersion "1"]
[SourceVersionDate "2021.11.30"]
[SourceQuality "1"]
[WhiteTeam "Germany North 65"]
[BlackTeam "Vysehrad SK Sokol 65"]
[WhiteTeamCountry "GER"]
[BlackTeamCountry "CZE"]

1. d4 d5 2. c4 e6 3. Nf3 Nf6 4. cxd5 exd5 5. g3 Be7 6. Bg2 Bf5 7. Nc3 0-0 8. 0-0 c6 9. Bg5 h6 10. Bxf6 Bxf6 11. b4 Nd7 12. e3 Nb6 13. Nd2 Qd7 14. Na4 Nxa4 15. Qxa4 a5 16. a3 axb4 17. Qxb4 Be7 18. Qc3 Ra7 19. e4 dxe4 20. Bxe4 Rfa8 21. Bxf5 Qxf5 22. Nc4 Bf6 23. Rfe1 c5 24. Ne5 cxd4 25. Qxd4 Rxa3 26. Rxa3 Rxa3 27. Qd5 Bxe5 28. Qxe5 Qxe5 29. Rxe5 Rb3 30. Re8+ Kh7 31. Re7 Kg6 32. Kg2 Kf6 33. Rd7 h5 34. h4 b5 35. Rb7 g6 36. Kh3 Ke6 37. f4 Rb2 38. Rb8 Kf5 39. Rb7 f6 40. Rc7 b4 41. Rc5+ Ke6 42. Rc6+ Ke7 43. Rc7+ Kf8 44. Rb7 b3 45. Rb8+ Ke7 46. Rb7+ Ke6 47. Rb6+ Kf5 48. Rb5+ Ke4 49. Rb6 Rb1 50. Rxf6 b2 0-1

[Event "Ceske Budejovice op"]
[Site "Ceske Budejovice"]
[Date "2021.07.05"]
[Round "5"]
[White "Groh, Jiri"]
[Black "Kotal, Vit"]
[Result "1-0"]
[WhiteElo "2004"]
[BlackElo "1765"]
[PlyCount "67"]
[EventDate "2021.07.01"]
[EventType "swiss"]
[EventRounds "9"]
[EventCountry "CZE"]
[SourceTitle "CBM 203 Extra"]
[Source "ChessBase"]
[SourceDate "2021.09.30"]
[SourceVersion "1"]
[SourceVersionDate "2021.09.30"]
[SourceQuality "1"]

1. Nf3 Nf6 2. g3 Nc6 3. Bg2 e5 4. d4 e4 5. Ne5 d5 6. c4 Bb4+ 7. Bd2 Bxd2+ 8. Qxd2 0-0 9. Nc3 Re8 10. cxd5 Nxe5 11. dxe5 Rxe5 12. 0-0-0 e3 13. fxe3 Ng4 14. d6 cxd6 15. Qxd6 Qe8 16. h3 Nf6 17. e4 Bd7 18. Rd4 Rc8 19. Kb1 Rc6 20. Qa3 a5 21. Rhd1 b5 22. Qxa5 Qb8 23. Rxd7 Nxd7 24. Rxd7 Rc8 25. Qa7 Qxa7 26. Rxa7 Rec5 27. a3 h5 28. Rb7 Rg5 29. Rxb5 Rxg3 30. Bf3 g6 31. Nd5 Kg7 32. Nf4 Rc6 33. e5 Kh6 34. Bxc6 1-0

[Event "Pardubice Kraj op-G"]
[Site "Pardubice"]
[Date "2020.09.24"]
[Round "7"]
[White "Cerveny, Martin"]
[Black "Groh, Jiri"]
[Result "1-0"]
[WhiteElo "2396"]
[BlackElo "2006"]
[PlyCount "81"]
[EventDate "2020.09.23"]
[EventType "swiss (rapid)"]
[EventRounds "9"]
[EventCountry "CZE"]
[SourceTitle "CBM 198 Extra"]
[Source "ChessBase"]
[SourceDate "2020.11.30"]
[SourceVersion "1"]
[SourceVersionDate "2020.11.30"]
[SourceQuality "1"]

1. d4 d5 2. c4 e6 3. Nc3 Nf6 4. cxd5 exd5 5. Bg5 Be7 6. e3 0-0 7. Bd3 h6 8. Bh4 b6 9. Nge2 c5 10. Bxf6 Bxf6 11. dxc5 bxc5 12. Nxd5 Bxb2 13. Rb1 Qa5+ 14. Kf1 Be5 15. Ne7+ Kh8 16. Be4 Qc7 17. Nd5 Qa5 18. Ne7 Qc7 19. Nxc8 Nc6 20. Ne7 Nxe7 21. Bxa8 Rxa8 22. f4 Bf6 23. Qb3 Qa5 24. Kf2 Nf5 25. Qd5 Re8 26. Qxf5 Qd2 27. Rb3 c4 28. Ra3 Bd4 29. Rb1 Bxe3+ 30. Kf1 Bb6 31. Qg4 Bc5 32. Rg3 g6 33. f5 Qxa2 34. Re1 g5 35. Qh5 Qa6 36. Qxf7 Rg8 37. Rh3 Qd6 38. Qxc4 Rf8 39. Rf3 Bb6 40. Qe6 Qxh2 41. Rh3 1-0

[Event "Pardubice Kraj op-G"]
[Site "Pardubice"]
[Date "2020.09.24"]
[Round "6"]
[White "Groh, Jiri"]
[Black "Cermak, Jan"]
[Result "1-0"]
[WhiteElo "2006"]
[BlackElo "1853"]
[PlyCount "61"]
[EventDate "2020.09.23"]
[EventType "swiss (rapid)"]
[EventRounds "9"]
[EventCountry "CZE"]
[SourceTitle "CBM 198 Extra"]
[Source "ChessBase"]
[SourceDate "2020.11.30"]
[SourceVersion "1"]
[SourceVersionDate "2020.11.30"]
[SourceQuality "1"]

1. Nf3 d5 2. c4 c6 3. d4 Nf6 4. Bf4 e6 5. Nc3 Bd6 6. Bxd6 Qxd6 7. e3 0-0 8. Be2 b6 9. 0-0 Bb7 10. Qc2 Nbd7 11. Rad1 Rac8 12. b3 Qc7 13. h3 c5 14. cxd5 Nxd5 15. Nxd5 Bxd5 16. Ba6 Bxf3 17. gxf3 Rcd8 18. Bb5 Nf6 19. dxc5 Qxc5 20. Qxc5 bxc5 21. Rxd8 Rxd8 22. Rc1 Rd5 23. b4 c4 24. Rxc4 g6 25. Bc6 Rd1+ 26. Kg2 Kf8 27. b5 Nd5 28. Bxd5 Rxd5 29. a4 h5 30. Rc7 a6 31. b6 1-0

[Event "Pardubice Kraj op-G"]
[Site "Pardubice"]
[Date "2020.09.24"]
[Round "8"]
[White "Groh, Jiri"]
[Black "Jedrusik, Adam"]
[Result "1-0"]
[WhiteElo "2006"]
[BlackElo "1593"]
[PlyCount "33"]
[EventDate "2020.09.23"]
[EventType "swiss (rapid)"]
[EventRounds "9"]
[EventCountry "CZE"]
[SourceTitle "CBM 198 Extra"]
[Source "ChessBase"]
[SourceDate "2020.11.30"]
[SourceVersion "1"]
[SourceVersionDate "2020.11.30"]
[SourceQuality "1"]

1. Nf3 f5 2. c4 Nf6 3. Nc3 g6 4. g3 Bg7 5. Bg2 0-0 6. 0-0 d6 7. d4 c6 8. b4 d5 9. cxd5 Nxd5 10. Nxd5 cxd5 11. Bf4 Qb6 12. Qb3 Be6 13. Ng5 Rd8 14. Bc7 Qxc7 15. Nxe6 Qd6 16. Nxd8 Qxd8 17. Qxd5+ 1-0

[Event "Pardubice Kraj op-G"]
[Site "Pardubice"]
[Date "2020.09.24"]
[Round "9"]
[White "Jedlicka, Ales"]
[Black "Groh, Jiri"]
[Result "1/2-1/2"]
[WhiteElo "2218"]
[BlackElo "2006"]
[PlyCount "133"]
[EventDate "2020.09.23"]
[EventType "swiss (rapid)"]
[EventRounds "9"]
[EventCountry "CZE"]
[SourceTitle "CBM 198 Extra"]
[Source "ChessBase"]
[SourceDate "2020.11.30"]
[SourceVersion "1"]
[SourceVersionDate "2020.11.30"]
[SourceQuality "1"]

1. d4 d5 2. c4 e6 3. Nf3 Nf6 4. g3 c5 5. cxd5 exd5 6. Bg2 Nc6 7. 0-0 Be7 8. Bg5 0-0 9. dxc5 Bxc5 10. Nc3 Be6 11. Bxf6 Qxf6 12. Nxd5 Qxb2 13. Nc7 Rad8 14. Qc1 Qxc1 15. Raxc1 Bb6 16. Nxe6 fxe6 17. Rc4 h6 18. e3 Rd3 19. Re4 Ra3 20. Nh4 Rf6 21. Bh3 e5 22. Bc8 Rxa2 23. Bxb7 Ra5 24. Bxc6 Rxc6 25. Nf5 Bd8 26. Rd1 Bf6 27. Rg4 h5 28. Re4 Rac5 29. Kg2 Rc4 30. Kf3 Rxe4 31. Kxe4 Rc2 32. f3 a5 33. Rd5 a4 34. Ra5 Ra2 35. h4 a3 36. g4 hxg4 37. fxg4 g6 38. Ra8+ Kf7 39. Nh6+ Kg7 40. g5 Be7 41. Ra7 Kf8 42. Ng4 Bb4 43. Nxe5 Rh2 44. Nxg6+ Ke8 45. Nf4 a2 46. Nd5 Bc5 47. Ra8+ Kf7 48. Nc3 Rxh4+ 49. Kf5 Bxe3 50. g6+ Kg7 51. Nd5 Rh5+ 52. Ke4 Bc5 53. Nf4 Rh4 54. Kf5 Rxf4+ 55. Kxf4 Kxg6 56. Rxa2 Kf6 57. Ra6+ Ke7 58. Ke5 Bf2 59. Ra2 Bg1 60. Rg2 Be3 61. Rg7+ Kf8 62. Rb7 Bc5 63. Ke6 Ba3 64. Kf6 Ke8 65. Ke6 Kf8 66. Rb3 Bc5 67. Rb5 1/2-1/2

[Event "Pardubice Kraj op-G"]
[Site "Pardubice"]
[Date "2020.09.23"]
[Round "4"]
[White "Groh, Jiri"]
[Black "Joukl, Martin"]
[Result "0-1"]
[WhiteElo "2006"]
[BlackElo "1483"]
[PlyCount "174"]
[EventDate "2020.09.23"]
[EventType "swiss (rapid)"]
[EventRounds "9"]
[EventCountry "CZE"]
[SourceTitle "CBM 198 Extra"]
[Source "ChessBase"]
[SourceDate "2020.11.30"]
[SourceVersion "1"]
[SourceVersionDate "2020.11.30"]
[SourceQuality "1"]

1. Nf3 d5 2. c4 e6 3. d4 Nf6 4. Bf4 Bd6 5. Bxd6 cxd6 6. cxd5 Nxd5 7. Nc3 Nxc3 8. bxc3 0-0 9. e4 Nd7 10. Bd3 b6 11. 0-0 Bb7 12. Qe2 Rc8 13. Rac1 Nf6 14. Rfe1 Qe7 15. Ba6 Bxa6 16. Qxa6 Rc7 17. h3 Rfc8 18. Qa3 h6 19. Nd2 d5 20. Qxe7 Rxe7 21. exd5 Nxd5 22. c4 Rec7 23. Rb1 Nf6 24. Rb3 Rd8 25. Rd3 Kf8 26. Re5 Nd7 27. Ree3 Nf6 28. Kf1 Rcd7 29. Nf3 e5 30. Rxe5 Rc7 31. Rc3 Nd5 32. Rc1 Nb4 33. Re3 Nxa2 34. Ra1 Nb4 35. Rc1 a5 36. Rcc3 Rdc8 37. c5 Nd5 38. Ne5 Nxe3+ 39. fxe3 bxc5 40. d5 f6 41. Nc6 Rxc6 42. dxc6 Rxc6 43. Ke2 Ke7 44. Kd3 Kd6 45. Kc4 Rb6 46. Ra3 Rb4+ 47. Kd3 a4 48. Ke2 c4 49. g4 Kc5 50. Kf3 Kb5 51. Ke4 c3+ 52. Kd3 Rb3 53. Ra1 c2+ 54. Kxc2 Rxe3 55. h4 Rh3 56. Rb1+ Kc6 57. Ra1 a3 58. h5 Rg3 59. Kd2 Kd5 60. Ke2 Ke5 61. Kf2 Rb3 62. Rc1 a2 63. Ra1 Ra3 64. Ke2 Kf4 65. Kd2 Kxg4 66. Kc2 Kxh5 67. Kb2 Ra5 68. Rh1+ Kg6 69. Rg1+ Kf7 70. Ra1 f5 71. Kb3 f4 72. Kb4 Ra8 73. Kb3 Kf6 74. Kc3 Kf5 75. Kd4 g5 76. Kd3 g4 77. Ke2 h5 78. Kf2 h4 79. Kg2 h3+ 80. Kh2 Kg5 81. Kg1 Kh4 82. Kf2 h2 83. Kg2 g3 84. Kf3 Ra4 85. Kg2 Kg4 86. Kh1 Rb4 87. Rxa2 Rb3 0-1

[Event "Prague Summer op 7th"]
[Site "Prague"]
[Date "2020.08.08"]
[Round "1"]
[White "Biastoch, Bennet"]
[Black "Groh, Jiri"]
[Result "1-0"]
[WhiteElo "2315"]
[BlackElo "1997"]
[PlyCount "61"]
[EventDate "2020.08.08"]
[EventType "swiss"]
[EventRounds "9"]
[EventCountry "CZE"]
[SourceTitle "CBM 197 Extra"]
[Source "ChessBase"]
[SourceDate "2020.09.30"]
[SourceVersion "1"]
[SourceVersionDate "2020.09.30"]
[SourceQuality "1"]

1. e4 c5 2. Nf3 Nc6 3. d4 cxd4 4. Nxd4 g6 5. c4 Bg7 6. Be3 Nf6 7. Nc3 Ng4 8. Qxg4 Nxd4 9. Qd1 e5 10. Bd3 d6 11. 0-0 0-0 12. Qd2 f5 13. exf5 Bxf5 14. Bxf5 Rxf5 15. Bxd4 exd4 16. Nd5 b5 17. b3 bxc4 18. bxc4 Rb8 19. Rae1 Re5 20. f4 Rxe1 21. Rxe1 Kh8 22. Qd3 Qa5 23. Re2 Qa4 24. h4 Rc8 25. h5 gxh5 26. Re7 Rf8 27. f5 Re8 28. f6 Rxe7 29. fxe7 Qd7 30. Qe4 Be5 31. Qf3 1-0

[Event "WchT Seniors 50"]
[Site "Prague"]
[Date "2020.03.11"]
[Round "6.3"]
[White "Groh, Jiri"]
[Black "Mudrak, Josef"]
[Result "0-1"]
[WhiteElo "1979"]
[BlackElo "2213"]
[PlyCount "80"]
[EventDate "2020.03.06"]
[EventType "team-swiss"]
[EventRounds "7"]
[EventCountry "CZE"]
[SourceTitle "CBM 195 Extra"]
[Source "ChessBase"]
[SourceDate "2020.05.31"]
[SourceVersion "1"]
[SourceVersionDate "2020.05.31"]
[SourceQuality "1"]
[WhiteTeam "Czech Republic 50 VII"]
[BlackTeam "Czech Republic 50 III"]
[WhiteTeamCountry "CZE"]
[BlackTeamCountry "CZE"]

1. Nf3 Nf6 2. c4 c6 3. Nc3 g6 4. b3 Bg7 5. Bb2 0-0 6. e3 d5 7. Be2 Bf5 8. 0-0 a5 9. Qc1 Na6 10. d4 h6 11. Rd1 g5 12. Ne5 e6 13. Bd3 Bxd3 14. Rxd3 Nd7 15. Ne2 Nxe5 16. dxe5 Qc7 17. f4 Rfd8 18. cxd5 Rxd5 19. Rxd5 cxd5 20. Qxc7 Nxc7 21. Rc1 Na6 22. Nd4 Nb4 23. Rc7 Nd3 24. Bc1 a4 25. Rc3 Nb4 26. Bd2 Nxa2 27. Rc7 gxf4 28. exf4 Bf8 29. Kf1 b6 30. bxa4 Rxa4 31. Nb5 Rc4 32. Ra7 Rc2 33. Ke1 Bb4 34. Bxb4 Nxb4 35. g3 Rxh2 36. Nd6 Nc2+ 37. Kd1 Ne3+ 38. Ke1 d4 39. Ne4 d3 40. Nf2 Rxf2 0-1

[Event "WchT Seniors 50"]
[Site "Prague"]
[Date "2020.03.10"]
[Round "5.16"]
[White "Baerthel, Klaus"]
[Black "Groh, Jiri"]
[Result "0-1"]
[WhiteElo "1875"]
[BlackElo "1979"]
[PlyCount "52"]
[EventDate "2020.03.06"]
[EventType "team-swiss"]
[EventRounds "7"]
[EventCountry "CZE"]
[SourceTitle "CBM 195 Extra"]
[Source "ChessBase"]
[SourceDate "2020.05.31"]
[SourceVersion "1"]
[SourceVersionDate "2020.05.31"]
[SourceQuality "1"]
[WhiteTeam "Germany 50 VIII"]
[BlackTeam "Czech Republic 50 VII"]
[WhiteTeamCountry "GER"]
[BlackTeamCountry "CZE"]

1. e4 c5 2. Nf3 Nc6 3. d4 cxd4 4. Nxd4 g6 5. Nc3 Bg7 6. Be3 Nf6 7. Bc4 0-0 8. Bb3 Re8 9. 0-0 Nxd4 10. Bxd4 d6 11. e5 dxe5 12. Bxe5 Qa5 13. Qe1 Bf5 14. h3 Rad8 15. Qe2 a6 16. Rad1 h5 17. Rfe1 Rxd1 18. Rxd1 Qc5 19. Nd5 Nxd5 20. Rxd5 Qc6 21. Bxg7 Kxg7 22. Re5 Qd6 23. c3 Qf6 24. Qe3 Bd7 25. Bd5 Qd6 26. Qd3 Qxe5 0-1

[Event "WchT Seniors 50"]
[Site "Prague"]
[Date "2020.03.07"]
[Round "2.8"]
[White "Dolgitser, Konstantin"]
[Black "Groh, Jiri"]
[Result "1/2-1/2"]
[WhiteElo "2232"]
[BlackElo "1979"]
[PlyCount "134"]
[EventDate "2020.03.06"]
[EventType "team-swiss"]
[EventRounds "7"]
[EventCountry "CZE"]
[SourceTitle "CBM 195 Extra"]
[Source "ChessBase"]
[SourceDate "2020.05.31"]
[SourceVersion "1"]
[SourceVersionDate "2020.05.31"]
[SourceQuality "1"]
[WhiteTeam "United States 50 II"]
[BlackTeam "Czech Republic 50 VII"]
[WhiteTeamCountry "USA"]
[BlackTeamCountry "CZE"]

1. d4 d5 2. Nf3 Nf6 3. c4 e6 4. g3 c5 5. cxd5 exd5 6. Bg2 Nc6 7. Nc3 Be7 8. 0-0 0-0 9. Bg5 h6 10. Be3 Ng4 11. Bc1 Be6 12. h3 cxd4 13. Nxd4 Nxd4 14. Qxd4 Bf6 15. Qb4 Bxc3 16. bxc3 Nf6 17. Qxb7 Qc8 18. Qxc8 Rfxc8 19. Bd2 Ne4 20. Rfd1 Rab8 21. Be3 Nxc3 22. Rd2 a6 23. Bd4 Ne4 24. Rd3 Rc2 25. Bf1 Nd2 26. Bg2 Ne4 27. Ra3 Rb4 28. Be3 Rxe2 29. Rxa6 Nxg3 30. Bf3 Rxe3 31. fxe3 Rh4 32. Kg2 Ne4 33. Rh1 Ng5 34. Kg3 Nxf3 35. Kxf3 g5 36. Kg3 Rc4 37. Ra3 h5 38. h4 Rg4+ 39. Kf2 gxh4 40. Rd3 Ra4 41. a3 h3 42. Ra1 Kf8 43. Rd4 Ra6 44. a4 Ke7 45. a5 Kd6 46. Rb4 Kc5 47. Rb8 Kc6 48. Rc1+ Kd7 49. Rb7+ Kd8 50. Rc5 Ra8 51. e4 Rc8 52. Rxc8+ Kxc8 53. a6 dxe4 54. Rb5 e3+ 55. Kxe3 h2 56. Rxh5 Kb8 57. Kd4 Ka7 58. Rxh2 Kxa6 59. Kc5 Ka5 60. Rb2 Ka4 61. Rb8 Ka3 62. Rb4 Bb3 63. Rf4 Be6 64. Rf2 Kb3 65. Rf3+ Ka4 66. Re3 Bb3 67. Re7 Be6 1/2-1/2

[Event "Prague Golden rap op 15th"]
[Site "Prague"]
[Date "2019.06.30"]
[Round "1"]
[White "Dunder, Ondrej"]
[Black "Groh, Jiri"]
[Result "0-1"]
[WhiteElo "1649"]
[BlackElo "2001"]
[PlyCount "204"]
[EventDate "2019.06.30"]
[EventType "swiss (rapid)"]
[EventRounds "7"]
[EventCountry "CZE"]
[SourceTitle "CBM 191 Extra"]
[Source "ChessBase"]
[SourceDate "2019.09.30"]
[SourceVersion "1"]
[SourceVersionDate "2019.09.30"]
[SourceQuality "1"]

1. Nf3 c5 2. e3 d5 3. d4 e6 4. b3 Nf6 5. Bb2 Be7 6. Be2 0-0 7. 0-0 Nc6 8. Nbd2 cxd4 9. Nxd4 Nxd4 10. Bxd4 Qc7 11. Nf3 Bd7 12. Rc1 Rac8 13. c4 dxc4 14. Rxc4 Qb8 15. Bxf6 Bxf6 16. Qxd7 Rcd8 17. Qc7 h6 18. Qxb8 Rxb8 19. Rfc1 b6 20. Rc7 a5 21. g3 Rfd8 22. Kg2 b5 23. a3 b4 24. axb4 axb4 25. Ra7 Bc3 26. Bc4 Rb6 27. Ng1 Rd2 28. Ne2 Bf6 29. Ra4 Be7 30. Nd4 Bf6 31. Nf3 Rd8 32. Rc2 Bc3 33. Ng1 Bf6 34. Ne2 Rbb8 35. Rca2 g5 36. Ra5 Rd7 37. Rb5 Rxb5 38. Bxb5 Rb7 39. Bc4 Kg7 40. Rd2 h5 41. Nd4 Kg6 42. Nb5 h4 43. f4 hxg3 44. hxg3 Be7 45. Kf3 Bc5 46. fxg5 Kxg5 47. Nd6 Rc7 48. Ne4+ Kf5 49. Nxc5 Rxc5 50. Rd7 Kf6 51. Rb7 Rf5+ 52. Kg2 Re5 53. Kf2 Rf5+ 54. Ke2 Rg5 55. Rxb4 Rxg3 56. Kf2 Rg5 57. Bd3 Rd5 58. Rf4+ Ke7 59. Bc4 Rd2+ 60. Kf3 Rb2 61. Ke4 Rb1 62. Kf3 Rb2 63. Rd4 Rb1 64. Rd2 Kf6 65. Ke4 Ke7 66. Rf2 Re1 67. Re2 Rb1 68. Kd3 Kd6 69. Kc2 Rg1 70. b4 Rg4 71. Kc3 Kc6 72. b5+ Kc5 73. Rh2 Rxc4+ 74. Kd3 Kxb5 75. Rh5+ Rc5 76. Rh7 Rc7 77. Rh5+ Kc6 78. Ke4 Kd6 79. Rh6 Rc4+ 80. Kd3 Ra4 81. Rh5 f5 82. Rh8 Ke5 83. Re8 Ra6 84. Rc8 Ra3+ 85. Ke2 Ke4 86. Rc4+ Kd5 87. Rb4 Ra5 88. Kf3 Ke5 89. Ke2 Kf6 90. Kf3 Ra1 91. Kf2 Kg5 92. Rc4 e5 93. Kf3 Ra2 94. e4 f4 95. Rc6 Ra3+ 96. Kg2 f3+ 97. Kf2 Kf4 98. Rc4 Ra2+ 99. Ke1 Kg3 100. Rc3 Kg2 101. Rb3 Ra1+ 102. Kd2 f2 0-1

[Event "Prague Golden op 14th"]
[Site "Prague"]
[Date "2018.06.30"]
[Round "1"]
[White "Groh, Jiri"]
[Black "Koper, Stefan"]
[Result "1-0"]
[WhiteElo "2097"]
[BlackElo "1841"]
[PlyCount "63"]
[EventDate "2018.06.30"]
[EventType "swiss"]
[EventRounds "9"]
[EventCountry "CZE"]
[SourceTitle "CBM 185 Extra"]
[Source "ChessBase"]
[SourceDate "2018.07.29"]
[SourceVersion "1"]
[SourceVersionDate "2018.07.29"]
[SourceQuality "1"]

1. Nf3 g6 2. g3 Bg7 3. Bg2 c5 4. 0-0 Nc6 5. c4 e5 6. Nc3 d6 7. a3 Nge7 8. Rb1 0-0 9. b4 Nd4 10. Bb2 Rb8 11. e3 Nxf3+ 12. Bxf3 b6 13. Nd5 Nxd5 14. Bxd5 Bb7 15. Qf3 Bxd5 16. Qxd5 Qe7 17. d4 Rfc8 18. Rfd1 cxd4 19. exd4 Qe6 20. Qxe6 fxe6 21. dxe5 dxe5 22. Rd7 a5 23. Rxg7+ Kxg7 24. Bxe5+ Kf7 25. Bxb8 Rxb8 26. bxa5 Ke7 27. axb6 Kd7 28. a4 Kc6 29. a5 Kb7 30. c5 Rc8 31. a6+ Kxa6 32. c6 1-0

[Event "Prague Menchik Memorial rapid"]
[Site "Prague"]
[Date "2018.06.10"]
[Round "4"]
[White "Groh, Jiri"]
[Black "Brejnik, Gustav"]
[Result "1/2-1/2"]
[WhiteElo "2097"]
[BlackElo "2120"]
[PlyCount "168"]
[EventDate "2018.06.10"]
[EventType "swiss (rapid)"]
[EventRounds "9"]
[EventCountry "CZE"]
[SourceTitle "CBM 184 Extra"]
[Source "ChessBase"]
[SourceDate "2018.06.28"]
[SourceVersion "1"]
[SourceVersionDate "2018.06.28"]
[SourceQuality "1"]

1. Nf3 Nf6 2. c4 c6 3. e3 d5 4. d4 Bg4 5. h3 Bh5 6. Be2 e6 7. Nc3 Nbd7 8. 0-0 a6 9. Ne5 Bxe2 10. Qxe2 Nxe5 11. dxe5 Nd7 12. f4 dxc4 13. Qxc4 Qc7 14. Bd2 b5 15. Qe2 Be7 16. Rad1 0-0 17. Ne4 Rfd8 18. Bc3 c5 19. b3 Qc6 20. Qf3 Qc7 21. Nd6 b4 22. Bb2 Nb6 23. Qg4 g6 24. f5 exf5 25. Nxf5 Rxd1 26. Rxd1 Bf8 27. Nd6 Rd8 28. Qg3 c4 29. bxc4 Nxc4 30. Rc1 Bxd6 31. exd6 Qxd6 32. Qxd6 Nxd6 33. Rc6 Ne4 34. Rxa6 f5 35. Ra7 Rd1+ 36. Kh2 Nc3 37. a3 Rb1 38. Bxc3 bxc3 39. Rc7 Rc1 40. Kg3 c2 41. a4 Ra1 42. Rxc2 Rxa4 43. Rc7 Re4 44. Kf3 Rb4 45. g3 Ra4 46. h4 Re4 47. Rd7 Re6 48. Kf4 Re4+ 49. Kf3 Kh8 50. h5 Re6 51. h6 Kg8 52. Rd8+ Kf7 53. Rh8 Kf6 54. Rxh7 g5 55. Ra7 Re8 56. h7 g4+ 57. Kf2 Kg6 58. e4 fxe4 59. Ke3 Kf5 60. Rg7 Rh8 61. Re7 Kf6 62. Ra7 Kf5 63. Rf7+ Kg6 64. Re7 Kf6 65. Rxe4 Rxh7 66. Rxg4 Kf5 67. Rg8 Ra7 68. g4+ Kf6 69. Kf4 Ra4+ 70. Kg3 Kf7 71. Rg5 Kf6 72. Rb5 Ra6 73. Kh4 Kg6 74. Rg5+ Kh6 75. Rh5+ Kg6 76. Rh8 Kg7 77. Rb8 Kg6 78. Rb5 Rc6 79. Rb4 Rd6 80. g5 Rc6 81. Rg4 Rc5 82. Rg1 Rc4+ 83. Kh3 Rc5 84. Kh4 Rc4+ 1/2-1/2

[Event "Prague Menchik Memorial rapid"]
[Site "Prague"]
[Date "2018.06.10"]
[Round "9"]
[White "Groh, Jiri"]
[Black "Postupa, Pavel1111"]
[Result "1-0"]
[WhiteElo "2097"]
[BlackElo "2230"]
[PlyCount "53"]
[EventDate "2018.06.10"]
[EventType "swiss (rapid)"]
[EventRounds "9"]
[EventCountry "CZE"]
[SourceTitle "CBM 184 Extra"]
[Source "ChessBase"]
[SourceDate "2018.06.28"]
[SourceVersion "1"]
[SourceVersionDate "2018.06.28"]
[SourceQuality "1"]

1. Nf3 Nf6 2. c4 g6 3. d4 d5 4. Nc3 Bg7 5. Bf4 0-0 6. e3 Be6 7. Ng5 c5 8. Nxe6 fxe6 9. Qb3 Nc6 10. cxd5 exd5 11. dxc5 Qa5 12. Qb5 Ne4 13. Qxa5 Nxa5 14. Nxe4 dxe4 15. 0-0-0 Rac8 16. b4 g5 17. Bxg5 Rxf2 18. Bxe7 Rxa2 19. bxa5 Ra1+ 20. Kc2 Ra2+ 21. Kb3 Rb2+ 22. Ka3 Kf7 23. Bd6 b6 24. Bc4+ Kg6 25. Be6 Re8 26. Bd7 Rd8 27. c6 1-0